<?xml version="1.0" encoding="UTF-8"?><?xml-stylesheet type="text/xsl" href="static/style.xsl"?><OAI-PMH xmlns="http://www.openarchives.org/OAI/2.0/" xmlns:xsi="http://www.w3.org/2001/XMLSchema-instance" xsi:schemaLocation="http://www.openarchives.org/OAI/2.0/ http://www.openarchives.org/OAI/2.0/OAI-PMH.xsd"><responseDate>2026-04-14T16:55:36Z</responseDate><request verb="GetRecord" identifier="oai:uvadoc.uva.es:10324/82011" metadataPrefix="marc">https://uvadoc.uva.es/oai/request</request><GetRecord><record><header><identifier>oai:uvadoc.uva.es:10324/82011</identifier><datestamp>2026-01-22T20:05:35Z</datestamp><setSpec>com_10324_38</setSpec><setSpec>col_10324_852</setSpec></header><metadata><record xmlns="http://www.loc.gov/MARC21/slim" xmlns:doc="http://www.lyncode.com/xoai" xmlns:xsi="http://www.w3.org/2001/XMLSchema-instance" xmlns:dcterms="http://purl.org/dc/terms/" xsi:schemaLocation="http://www.loc.gov/MARC21/slim http://www.loc.gov/standards/marcxml/schema/MARC21slim.xsd">
<leader>00925njm 22002777a 4500</leader>
<datafield tag="042" ind1=" " ind2=" ">
<subfield code="a">dc</subfield>
</datafield>
<datafield tag="720" ind1=" " ind2=" ">
<subfield code="a">Castro González, Brais</subfield>
<subfield code="e">author</subfield>
</datafield>
<datafield tag="260" ind1=" " ind2=" ">
<subfield code="c">2025</subfield>
</datafield>
<datafield tag="520" ind1=" " ind2=" ">
<subfield code="a">Este trabajo se fundamenta en los principios de la Educación Corporeizada&#xd;
(Embodied Education), que destaca cómo el aprendizaje está intrínsecamente ligado a&#xd;
las experiencias corporales y sensoriales. Por un lado, las sensaciones de atracción o&#xd;
rechazo, evocadas mediante estímulos sensoriales (como imágenes, olores o sabores),&#xd;
subrayan que nuestras percepciones y emociones emergen de la interacción directa del&#xd;
cuerpo con el mundo. Estas experiencias sensoriales no solo influyen en cómo&#xd;
aprendemos, sino que también moldean nuestras actitudes hacia los conceptos&#xd;
presentados.</subfield>
</datafield>
<datafield tag="024" ind2=" " ind1="8">
<subfield code="a">https://uvadoc.uva.es/handle/10324/82011</subfield>
</datafield>
<datafield tag="245" ind1="0" ind2="0">
<subfield code="a">Relación entre estados de atracción y rechazo ante explicaciones de matemáticas y explicaciones de lengua: estudio a partir de un clasificador de señales EEG con Random Forest</subfield>
</datafield>
</record></metadata></record></GetRecord></OAI-PMH>